[Event "Titled Tue 24th Jun Late"]
[Site "chess.com INT"]
[Date "2025.06.24"]
[Round "4"]
[White "Salonen, Aku"]
[Black "Chigaev, Maksim"]
[Result "0-1"]
[WhiteTitle "FM"]
[BlackTitle "GM"]
[WhiteElo "2330"]
[BlackElo "2635"]
[WhiteFideId "517577"]
[BlackFideId "4108116"]
[EventDate "2025.06.24"]

1. e4 e5 2. Nf3 Nc6 3. Bb5 a6 4. Ba4 Bc5 5. O-O Nge7 6. c3 Ng6 7. d4 Ba7 8. Bg5
f6 9. Be3 O-O 10. Nbd2 d6 11. Re1 Kh8 12. h3 Bd7 13. Nf1 Qe8 14. Bc2 Nd8 15. Ng3
Ne6 16. Qd2 Nef4 17. Nf5 Qc8 18. Kh2 d5 19. dxe5 Nxg2 20. Kxg2 dxe4 21. N3d4
fxe5 22. Bxe4 exd4 23. Nxd4 Bxd4 24. Qxd4 Bc6 25. Bxc6 bxc6 26. Qg4 Qb7 27. Bc5
Rf4 28. Qd7 Qc8 29. Qxc8+ Rxc8 30. Rad1 h6 31. Rd7 Rf5 32. Bd4 Rg8 33. Kh2 c5
34. Be3 Ne5 35. Rxc7 Nf3+ 36. Kg2 Nxe1+ 37. Kf1 Nd3 38. Ke2 Nxb2 39. Bxc5 Re8+
40. Be3 Na4 41. c4 Nc3+ 42. Kd3 Ne4 43. Rd7 Nc5+ 44. Bxc5 Rxc5 45. Kd4 Rec8 46.
Rd8+ Rxd8+ 47. Kxc5 Rd2 0-1

[Event "Titled Tue 24th Jun Late"]
[Site "chess.com INT"]
[Date "2025.06.24"]
[Round "4"]
[White "Ward, Ieuan C"]
[Black "Bouchet, Sebastien"]
[Result "0-1"]
[BlackTitle "CM"]
[WhiteElo "2043"]
[BlackElo "2180"]
[WhiteFideId "406627"]
[BlackFideId "623571"]
[EventDate "2025.06.24"]

1. d4 e6 2. c4 Nf6 3. Nf3 b6 4. g3 Bb7 5. Bg2 Bb4+ 6. Bd2 Qe7 7. O-O Bxd2 8.
Nbxd2 O-O 9. Qc2 d6 10. e4 e5 11. d5 a5 12. a3 a4 13. Rae1 Nbd7 14. Nb1 Nc5 15.
Nc3 Bc8 16. h3 Bd7 17. Nd2 Rae8 18. Kh2 c6 19. b4 axb3 20. Nxb3 cxd5 21. Nxc5
bxc5 22. exd5 Ra8 23. a4 Qd8 24. Ra1 Qa5 25. Rfb1 Rfb8 26. Nb5 Bxb5 27. cxb5 Rb6
28. Bf3 h6 29. Kg2 Rc8 30. Qc4 Rc7 31. Ra2 Re7 32. Re1 Re8 33. Re3 g6 34. Be4
Kg7 35. f3 Ra8 36. Rea3 Nd7 37. h4 Rbb8 38. g4 Nb6 39. Qd3 Qe1 40. a5 c4 41. Qf1
Qxf1+ 42. Kxf1 Nd7 43. b6 Nc5 44. Ke2 h5 45. gxh5 f5 46. Bc2 gxh5 47. Kd2 Kf6
48. Kc3 Na6 49. Kxc4 Rc8+ 50. Kd3 Rc5 51. Bb3 Nb4+ 52. Kd2 Nxa2 53. Rxa2 Rcxa5
54. Rb2 Rb5 0-1

[Event "Titled Tue 24th Jun Late"]
[Site "chess.com INT"]
[Date "2025.06.24"]
[Round "4"]
[White "Bezuch, Martin"]
[Black "Przybylski, Wojciech"]
[Result "0-1"]
[WhiteTitle "FM"]
[BlackTitle "FM"]
[WhiteElo "2238"]
[BlackElo "2340"]
[WhiteFideId "14906333"]
[BlackFideId "1117599"]
[EventDate "2025.06.24"]

1. Nf3 Nf6 2. g3 d5 3. Bg2 c5 4. O-O Nc6 5. d3 e5 6. e4 d4 7. Na3 Bd6 8. Nd2 O-O
9. h3 Rb8 10. f4 b5 11. f5 Ne8 12. g4 Be7 13. Nf3 h6 14. Qe1 c4 15. h4 Nb4 16.
Bd2 a5 17. dxc4 bxc4 18. Rd1 d3 19. Bc3 Qb6+ 20. Kh1 dxc2 21. Rd5 Nd3 22. Qd2
Bxa3 23. bxa3 c1=Q 24. Rxc1 Nxc1 25. Qxc1 Qb1 26. Qxb1 Rxb1+ 27. Kh2 Bb7 28.
Rxa5 Bxe4 29. Bb4 c3 30. Bxc3 Nf6 31. Kg3 Bb7 32. Bxe5 Ne4+ 33. Kf4 Nf2 34. Bd4
Rd1 35. Be3 Nd3+ 36. Kg3 Re8 37. Bb6 Be4 38. Ra7 Ne1 39. Nxe1 Rxe1 40. Bxe4
R1xe4 41. a4 Rc8 42. Kf3 Rb4 43. a5 Rc3+ 44. Ke2 Rb2+ 45. Kd1 Rxa2 46. Ra8+ Kh7
47. Rd8 Rg3 48. Rd7 Rh3 0-1

[Event "Titled Tue 24th Jun Late"]
[Site "chess.com INT"]
[Date "2025.06.24"]
[Round "4"]
[White "Lazavik, Denis"]
[Black "Papasimakopoulos, Alexandros"]
[Result "1-0"]
[WhiteTitle "GM"]
[BlackTitle "IM"]
[WhiteElo "2580"]
[BlackElo "2366"]
[WhiteFideId "13515110"]
[BlackFideId "4244125"]
[EventDate "2025.06.24"]

1. e4 e6 2. d4 d5 3. exd5 exd5 4. Nf3 Bg4 5. h3 Bh5 6. Qe2+ Qe7 7. Be3 Nc6 8.
Nc3 O-O-O 9. O-O-O f6 10. Kb1 Qd7 11. g4 Bf7 12. Na4 h5 13. Rg1 hxg4 14. hxg4 g5
15. Nc5 Bxc5 16. dxc5 Nge7 17. Nd4 Rde8 18. Qd2 Nxd4 19. Bxd4 Rh6 20. Qc3 Nc6
21. Bb5 a6 22. Ba4 Re4 23. f3 Re6 24. Rge1 f5 25. Rxe6 Bxe6 26. gxf5 Bxf5 27. b4
Rh4 28. a3 g4 29. fxg4 Rxg4 30. Kb2 Qe6 31. Bh8 Re4 32. Qf6 Qxf6+ 33. Bxf6 Be6
34. Rg1 Rf4 35. Bg5 Rf8 36. Re1 Kd7 37. Be3 Re8 38. Rg1 Re7 39. Rh1 Rf7 40. Rh8
Rf3 41. Bg5 Bf5 42. Rb8 Rg3 43. Bc1 Be4 44. Rxb7 Rg2 45. Bf4 d4 46. Rxc7+ Ke6
47. Bxc6 Rxc2+ 48. Kb3 Rc3+ 49. Ka4 Bc2+ 50. Ka5 Rxa3+ 51. Kb6 d3 52. Rd7 Kf5
53. Bd2 Ra2 54. Bd5 Rb2 55. c6 Ba4 56. Rf7+ Ke5 57. c7 Rc2 58. Bb7 Bb3 59. Rh7
Be6 60. Re7 Rxd2 61. c8=Q 1-0

[Event "Titled Tue 24th Jun Late"]
[Site "chess.com INT"]
[Date "2025.06.24"]
[Round "4"]
[White "Wagner, Dennis"]
[Black "Petersen, Marcel"]
[Result "1-0"]
[WhiteTitle "GM"]
[BlackTitle "CM"]
[WhiteElo "2619"]
[BlackElo "2236"]
[WhiteFideId "24650684"]
[BlackFideId "12935670"]
[EventDate "2025.06.24"]

1. e4 e5 2. Bc4 Bc5 3. Nf3 d6 4. c3 Nc6 5. d4 exd4 6. cxd4 Bb4+ 7. Nc3 Nf6 8.
O-O O-O 9. Bg5 h6 10. Bxf6 Qxf6 11. Nd5 Qd8 12. Nxb4 Nxb4 13. Qb3 Nc6 14. Bd3
Bg4 15. Qxb7 Bxf3 16. Qxc6 Qg5 17. g3 Rab8 18. b3 Qg4 19. Rfe1 f5 20. Qc4+ d5
21. exd5 Kh8 22. Qxc7 f4 23. Re7 Bxd5 24. Qe5 Ba8 25. h3 Qg5 26. Qxg5 hxg5 27.
Re5 fxg3 28. f4 Rxf4 29. Rxg5 g2 30. Rh5+ Kg8 31. Bc4+ Kf8 32. Rh8+ Ke7 33. Rxb8
Be4 34. Re1 Kd6 35. Rd8+ Kc7 36. Re8 Bc6 37. R8e7+ Kb6 38. Rxg7 Rxd4 39. Rxg2
Bxg2 40. Kxg2 a5 41. Kg3 a4 42. h4 axb3 43. axb3 Kc5 44. h5 Kb4 45. h6 Rd6 46.
h7 Rg6+ 47. Kf4 Rh6 48. Re7 Kc5 49. Kg5 Rh1 50. Kg6 Kd6 51. Rf7 Rg1+ 52. Kf6 Rh1
53. Kg7 Rg1+ 54. Kf8 Rh1 55. Kg8 Rg1+ 56. Rg7 Ra1 57. h8=Q Ra8+ 58. Kh7 Rc8 59.
Qxc8 1-0

[Event "Titled Tue 24th Jun Late"]
[Site "chess.com INT"]
[Date "2025.06.24"]
[Round "4"]
[White "Pontes, Luiz Felizola Lima"]
[Black "Predein, Vladimir"]
[Result "1-0"]
[BlackTitle "IM"]
[WhiteElo "2062"]
[BlackElo "2373"]
[WhiteFideId "44709919"]
[BlackFideId "4117786"]
[EventDate "2025.06.24"]

1. e4 c5 2. Nf3 d6 3. d3 Nc6 4. g3 g6 5. Bg2 Bg7 6. O-O e6 7. Re1 Nge7 8. Nbd2
O-O 9. c3 b5 10. h4 b4 11. Qc2 a5 12. Nf1 Ba6 13. Be3 Qc7 14. d4 c4 15. a3 d5
16. e5 Nf5 17. Bd2 Rab8 18. g4 b3 19. Qc1 Nfe7 20. Bh6 Bc8 21. h5 f5 22. Bxg7
Kxg7 23. h6+ Kh8 24. g5 f4 25. N3h2 Bd7 26. Ng4 f3 27. Bh1 Nf5 28. Nf6 Rxf6 29.
gxf6 g5 30. Bxf3 Nxh6 31. Ng3 Nf7 32. Bg4 Rg8 33. Nh5 Nh6 34. f3 Be8 35. Bxe6
Bf7 36. Bg4 Bxh5 37. Bxh5 Nd8 38. Bg4 Nxg4 39. fxg4 Ne6 40. Qe3 Nf4 41. Rf1 Qf7
42. Kh2 Rg6 43. Rxf4 gxf4 44. Qxf4 h6 45. Rf1 Rg5 46. Kg3 Kh7 47. e6 Qg6 48. f7
Qd3+ 49. Rf3 Rxg4+ 50. Qxg4 1-0

[Event "Titled Tue 24th Jun Late"]
[Site "chess.com INT"]
[Date "2025.06.24"]
[Round "4"]
[White "Zilberstein, Dmitry"]
[Black "Khanbutaev, Artemii"]
[Result "1-0"]
[WhiteTitle "IM"]
[WhiteElo "2358"]
[BlackElo "2139"]
[WhiteFideId "2010739"]
[BlackFideId "55747175"]
[EventDate "2025.06.24"]

1. d4 Nf6 2. c4 e6 3. Nf3 b6 4. Nc3 Bb4 5. e3 Bb7 6. Bd3 O-O 7. O-O c5 8. a3
Bxc3 9. bxc3 Ne4 10. Qc2 f5 11. a4 Qf6 12. a5 d6 13. axb6 axb6 14. Rxa8 Bxa8 15.
Ne1 Nc6 16. f3 Ng5 17. Qf2 Na5 18. Nc2 Bb7 19. Kh1 Ba6 20. Na3 e5 21. Qh4 Ne6
22. Qf2 cxd4 23. cxd4 exd4 24. exd4 Qxd4 25. Qc2 Nc5 26. Bxf5 Nxc4 27. Bxh7+ Kh8
28. Rd1 Qh4 29. Bf5 d5 30. Bh3 Qh5 31. Qc3 Nxa3 32. Bxa3 Bb7 33. Qd4 Rxf3 34.
gxf3 Qxf3+ 35. Bg2 Qxa3 36. Qh4+ Kg8 37. Qd8+ Kh7 38. Qh4+ Kg8 39. Qg5 Qb3 40.
Bxd5+ Bxd5+ 41. Qxd5+ Qxd5+ 42. Rxd5 Ne6 43. Rd6 Nf8 44. Rxb6 Kf7 45. Rb4 Kg8
46. Kg2 Ng6 47. Kg3 Kh7 48. Rb5 Ne7 49. h4 Ng8 50. Kg4 Nf6+ 51. Kg5 Ng8 52. h5
Nh6 53. Rb7 Ng8 54. Rc7 Nf6 55. h6 Ne8 56. Re7 Nf6 57. Rxg7+ Kh8 58. Rf7 Ng8 59.
Kg6 Nf6 60. Rxf6 Kg8 61. Rf5 Kh8 62. Rf8# 1-0

[Event "Titled Tue 24th Jun Late"]
[Site "chess.com INT"]
[Date "2025.06.24"]
[Round "4"]
[White "Goryachkina, Aleksandra"]
[Black "Alvarado, Carlos"]
[Result "1-0"]
[WhiteTitle "GM"]
[BlackTitle "CM"]
[WhiteElo "2533"]
[BlackElo "2032"]
[WhiteFideId "4147103"]
[BlackFideId "3800555"]
[EventDate "2025.06.24"]

1. e4 c6 2. d4 d5 3. Nd2 dxe4 4. Nxe4 Nf6 5. Nxf6+ exf6 6. c3 Bd6 7. Bd3 O-O 8.
Qc2 Re8+ 9. Ne2 h5 10. O-O h4 11. Bf4 Qc7 12. Bxd6 Qxd6 13. Rfe1 Be6 14. Qd2 Nd7
15. Nf4 Nf8 16. h3 Re7 17. b3 Rae8 18. Rad1 Bc8 19. Rxe7 Qxe7 20. c4 f5 21. d5
Rd8 22. Bf1 Qg5 23. d6 Bd7 24. c5 Re8 25. Bc4 Nh7 26. Ne2 Qxd2 27. Rxd2 Nf6 28.
f3 g6 29. b4 a6 30. Kf2 Kg7 31. Nc3 Be6 32. Bxe6 fxe6 33. Na4 Nd5 34. a3 e5 35.
Nb6 Nxb6 36. cxb6 Kf6 37. d7 Rd8 38. Rd6+ Ke7 39. Rxg6 Rxd7 40. Rg7+ Ke6 41.
Rxd7 Kxd7 42. g3 hxg3+ 43. Kxg3 Ke6 44. Kh4 Kf6 45. Kh5 Ke6 46. Kg5 f4 47. h4 e4
48. Kxf4 exf3 49. Kxf3 Kf5 50. Kg3 Kg6 51. Kg4 Kh6 52. h5 Kh7 53. Kg5 Kg7 54.
h6+ Kh7 55. Kh5 Kh8 56. Kg6 Kg8 57. h7+ Kh8 58. Kh6 a5 59. bxa5 c5 60. a6 1-0

[Event "Titled Tue 24th Jun Late"]
[Site "chess.com INT"]
[Date "2025.06.24"]
[Round "4"]
[White "Beyer, Lorenz"]
[Black "Goncharov, Vladimir"]
[Result "0-1"]
[WhiteTitle "CM"]
[WhiteElo "2226"]
[BlackElo "2077"]
[WhiteFideId "16245393"]
[BlackFideId "34162256"]
[EventDate "2025.06.24"]

1. d4 Nf6 2. Bf4 e6 3. Nf3 b6 4. h3 Bb7 5. e3 Bd6 6. Ne5 O-O 7. Nd2 Qe7 8. Ndf3
Nd5 9. Bh2 f6 10. Nd3 Bxh2 11. Nxh2 e5 12. dxe5 fxe5 13. c4 Nf6 14. Ng4 d6 15.
Nxf6+ Qxf6 16. Qb3 Kh8 17. O-O-O Nd7 18. Qc3 Nc5 19. Nxc5 bxc5 20. f3 Bc6 21. e4
a5 22. Be2 Rfb8 23. Rd2 Rb4 24. a3 Rb6 25. g4 Qf4 26. h4 Rab8 27. Kb1 Bxe4+ 28.
Ka2 Bc6 29. Bd1 a4 30. Rhh2 Rb3 31. Bxb3 axb3+ 32. Ka1 Qxf3 33. Qxf3 Bxf3 34. g5
e4 35. Rdf2 g6 36. Rf1 Kg7 37. Rd2 h6 38. gxh6+ Kxh6 39. Rd5 Rf8 40. Rg5 e3 41.
Rg3 e2 42. Re1 Kh5 43. Rh3 Bg4 44. Re3 Rf1 45. Rxe2 Bxe2 46. Rxf1 Bxf1 47. a4
Bxc4 48. a5 Kxh4 49. a6 Bxa6 50. Kb1 g5 51. Ka1 g4 52. Kb1 g3 53. Kc1 g2 54. Kd2
g1=Q 55. Kc3 Qd4+ 56. Kxb3 Qb4+ 57. Kc2 Bc4 58. Kc1 Qb3 59. Kd2 Qd3+ 60. Kc1 Qe2
61. b3 Bxb3 62. Kb1 Qc2+ 63. Ka1 Qa2# 0-1

[Event "Titled Tue 24th Jun Late"]
[Site "chess.com INT"]
[Date "2025.06.24"]
[Round "4"]
[White "Zhu, Linxi"]
[Black "Lortkipanidze, Nodar"]
[Result "1/2-1/2"]
[WhiteTitle "FM"]
[BlackTitle "IM"]
[WhiteElo "2312"]
[BlackElo "2359"]
[WhiteFideId "39900428"]
[BlackFideId "13604058"]
[EventDate "2025.06.24"]

1. Nf3 Nf6 2. c4 g6 3. g3 Bg7 4. Bg2 O-O 5. O-O d6 6. b3 c5 7. Bb2 Nc6 8. d4 Bd7
9. d5 Na5 10. Nbd2 Rb8 11. a4 a6 12. Bc3 Nh5 13. Bxg7 Nxg7 14. Qc2 b5 15. axb5
axb5 16. Qc3 Ra8 17. e4 Qb6 18. Rfb1 Rfb8 19. Ne1 Nb7 20. Rxa8 Rxa8 21. Ra1 Rxa1
22. Qxa1 Qa5 23. Qxa5 Nxa5 24. Nc2 bxc4 25. bxc4 Ne8 26. Ne3 Nc7 27. Bf1 Na6 28.
f4 Nb4 29. Be2 Kf8 30. Kf2 Ke8 31. Ke1 Kd8 32. Kd1 Kc7 33. Kc1 Kb6 34. Kb2 e6
35. Kc3 Kc7 36. Bd1 Bc8 37. Nb3 Nxb3 38. Bxb3 Kd7 39. Ba4+ Ke7 40. Bb5 h6 41.
Nc2 Na2+ 42. Kb2 Nb4 43. Nxb4 cxb4 44. Kb3 exd5 45. cxd5 Bg4 46. Kxb4 Bf3 47.
Bd3 f5 48. exf5 gxf5 49. Bxf5 Bxd5 50. Kc3 Kf6 51. Kd4 Bf7 52. Bd3 Be6 53. Bc4
Bg4 54. Bd3 Ke6 55. Be4 Kf6 56. Bd5 Bh3 57. Bf3 Be6 58. g4 Bf7 59. h4 Bg8 60.
Be4 Be6 61. g5+ hxg5 62. hxg5+ Kf7 63. f5 Bc8 64. Bd5+ Kg7 65. f6+ Kg6 66. f7
Kg7 67. Kc4 Bf5 68. Kb5 Bg6 69. Kc6 Bxf7 70. Bf3 Kg6 71. Kxd6 Kxg5 1/2-1/2

[Event "Titled Tue 24th Jun Late"]
[Site "chess.com INT"]
[Date "2025.06.24"]
[Round "4"]
[White "Plichta, Kamil"]
[Black "Araujo Filho, Luiz Antonio Coel"]
[Result "1-0"]
[WhiteTitle "FM"]
[WhiteElo "2361"]
[BlackElo "2077"]
[WhiteFideId "1141830"]
[BlackFideId "2130661"]
[EventDate "2025.06.24"]

1. Nf3 f5 2. d3 Nf6 3. e4 d6 4. exf5 Bxf5 5. d4 g6 6. Bd3 Bxd3 7. Qxd3 Bg7 8.
O-O c6 9. Re1 O-O 10. Ng5 Qd7 11. Ne6 Rf7 12. c4 Na6 13. Nc3 Nc7 14. Nxc7 Qxc7
15. h3 Raf8 16. Be3 Nd7 17. Ne4 h6 18. Ng3 Rf6 19. Re2 e5 20. Rae1 a6 21. c5 d5
22. dxe5 Nxe5 23. Qc2 R6f7 24. b3 Qd7 25. Qd2 g5 26. Bd4 Ng6 27. Nh5 Bxd4 28.
Qxd4 Nf4 29. Nxf4 Rxf4 30. Qd3 Qf5 31. Qxf5 R4xf5 32. f3 R8f7 33. Re6 Kg7 34.
Rd6 R5f6 35. Rd8 Rf5 36. Re6 d4 37. Rxd4 Rxc5 38. Rdd6 Rc2 39. Rxh6 Rxa2 40.
Rdg6+ Kf8 41. Rxg5 Rb2 42. Rh8+ Ke7 43. Ra8 Rxb3 44. h4 Kd6 45. h5 Rh7 46. Kf2
Rb5 47. Rxb5 axb5 48. g4 Ke5 49. Ke3 b4 50. f4+ Kd5 51. Kd3 c5 52. Rd8+ Kc6 53.
f5 b5 54. f6 c4+ 55. Kd4 b3 56. Kc3 Kc5 57. Rc8+ Kd5 58. Rb8 1-0

[Event "Titled Tue 24th Jun Late"]
[Site "chess.com INT"]
[Date "2025.06.24"]
[Round "4"]
[White "Mata Gonzalez, Jose Fernando"]
[Black "Viana, Dirceu"]
[Result "1-0"]
[WhiteTitle "CM"]
[BlackTitle "FM"]
[WhiteElo "2164"]
[BlackElo "2188"]
[WhiteFideId "5107423"]
[BlackFideId "2101360"]
[EventDate "2025.06.24"]

1. e4 e6 2. d4 d5 3. exd5 exd5 4. Nc3 c6 5. Nf3 Bd6 6. Bd3 Ne7 7. O-O Bg4 8. h3
Bh5 9. g4 Bg6 10. Ne5 Bxd3 11. Qxd3 Nd7 12. f4 f6 13. Nxd7 Qxd7 14. f5 O-O-O 15.
Bf4 h5 16. Qg3 Bxf4 17. Rxf4 hxg4 18. hxg4 Rh6 19. Raf1 Rdh8 20. Na4 Qd6 21. Nc5
g5 22. fxg6 Nxg6 23. R4f3 Rh1+ 24. Kf2 R8h2+ 25. Ke1 Qxg3+ 26. Rxg3 Rxf1+ 27.
Kxf1 Rxc2 28. Rf3 b6 29. Nd3 Rd2 30. Ke1 Rg2 31. Rxf6 Rxg4 32. Rxc6+ Kb7 33. Re6
Rxd4 34. Ke2 Rxd3 35. Rxg6 Rd4 36. b3 a5 37. Ke3 Re4+ 38. Kd3 Re5 39. Kd4 Rh5
40. Rg2 Kc6 41. Rc2+ Kb5 42. Rg2 Kb4 43. Rg6 b5 44. Ra6 a4 45. bxa4 bxa4 46. Ra8
Rh2 47. Kxd5 Rd2+ 48. Ke4 Rxa2 49. Rb8+ Ka3 50. Kd3 Rb2 51. Ra8 Kb3 52. Rb8+ Ka2
53. Ra8 a3 54. Kc3 Rb7 55. Ra5 Rc7+ 56. Kd2 Rc4 57. Rb5 Ka1 58. Ra5 a2 59. Rb5
Rc7 60. Rb3 Rh7 61. Rb8 Rh2+ 62. Kd3 Rb2 63. Re8 Rb3+ 64. Kc2 Rb2+ 65. Kc3 Rb1
66. Re2 1-0

[Event "Titled Tue 24th Jun Late"]
[Site "chess.com INT"]
[Date "2025.06.24"]
[Round "4"]
[White "Ryabukhin, Roman"]
[Black "Lowinger, Daniel"]
[Result "1-0"]
[WhiteTitle "CM"]
[WhiteElo "2236"]
[BlackElo "2086"]
[WhiteFideId "24257893"]
[BlackFideId "2005557"]
[EventDate "2025.06.24"]

1. d4 Nf6 2. Nc3 e6 3. e3 b6 4. Be2 Bb7 5. Nf3 Be7 6. b3 O-O 7. Bb2 a6 8. O-O b5
9. a4 b4 10. Nb1 a5 11. Nbd2 c5 12. dxc5 Na6 13. Nc4 Nxc5 14. Nd6 Bc6 15. Ne5
Bd5 16. Nb5 d6 17. Nc4 Nce4 18. Qd4 Bc6 19. f3 d5 20. Ne5 Bxb5 21. axb5 Bc5 22.
Qd3 Nd6 23. Bd4 Qb6 24. g4 h6 25. h4 Bxd4 26. exd4 Rfc8 27. g5 hxg5 28. hxg5 Nh7
29. g6 Nf8 30. gxf7+ Nxf7 31. Nc6 Rc7 32. Kf2 e5 33. Rh1 Re8 34. Rag1 e4 35.
fxe4 Rxe4 36. Qg3 g6 37. Bd3 Rxc6 38. bxc6 Qxd4+ 39. Kg2 Rg4 40. Kh3 Rxg3+ 41.
Rxg3 Qe5 42. Bxg6 Nxg6 43. Rxg6+ Kf8 44. Rhg1 Qe3+ 45. R1g3 Qe2 46. c7 Qh5+ 47.
Kg2 Qe2+ 48. Kh3 Qh5+ 49. Kg2 Qe2+ 50. Kg1 Qxc2 51. Rg8+ Ke7 52. c8=Q Qd1+ 53.
Kh2 Qh5+ 54. Qh3 Qe5 55. Kg2 Nd6 56. Re3 Ne4 57. Qh7+ Kd6 58. Rg6+ Kc5 59. Qa7+
Kb5 60. Qa6+ Kc5 61. Qb6# 1-0

[Event "Titled Tue 24th Jun Late"]
[Site "chess.com INT"]
[Date "2025.06.24"]
[Round "4"]
[White "Risteski, Emil"]
[Black "Christiansen, Johan-Sebastian"]
[Result "1/2-1/2"]
[WhiteTitle "IM"]
[BlackTitle "GM"]
[WhiteElo "2374"]
[BlackElo "2642"]
[WhiteFideId "15005267"]
[BlackFideId "1512668"]
[EventDate "2025.06.24"]

1. e4 e5 2. Nf3 Nc6 3. Bc4 Nf6 4. d3 Be7 5. O-O O-O 6. Nc3 d6 7. a4 Kh8 8. a5 a6
9. h3 Ng8 10. Nd5 f5 11. c3 fxe4 12. dxe4 Be6 13. Ne3 Bxc4 14. Nxc4 Nf6 15. Re1
Qd7 16. Bg5 Qe6 17. Bxf6 Bxf6 18. Ne3 Ne7 19. Nd5 Nxd5 20. Qxd5 Qxd5 21. exd5
Be7 22. Re4 Rfc8 23. Rd1 Bf6 24. Rd3 Rab8 25. h4 b6 26. axb6 Rxb6 27. b4 Ra8 28.
Nd2 Kg8 29. Nb3 h6 30. Na5 Rb5 31. Rc4 Ra7 32. g3 Kf8 33. Kg2 Ke8 34. Kf3 Kd7
35. Ke4 Ra8 36. Rc6 Ra7 37. Kf5 Ra8 38. Ke4 Rb6 39. Rd2 Rf8 40. Ra2 Ra8 41. Ra4
Ra7 42. Kf5 Ra8 43. c4 Rf8 44. Ke4 Bd8 45. f3 g5 46. hxg5 hxg5 47. Rxb6 cxb6 48.
Nc6 a5 49. bxa5 bxa5 50. Nxa5 g4 51. fxg4 Rg8 52. Nc6 Bb6 53. Rb4 Kc7 54. Kf5
Rf8+ 55. Ke6 Rg8 56. Kf5 Rf8+ 57. Kg6 Rg8+ 58. Kh5 Rh8+ 59. Kg5 Rg8+ 60. Kf5 1/2-1/2

[Event "Titled Tue 24th Jun Late"]
[Site "chess.com INT"]
[Date "2025.06.24"]
[Round "4"]
[White "Fuhrmann, Bahne"]
[Black "Moeller, Maurin"]
[Result "0-1"]
[WhiteTitle "FM"]
[BlackTitle "FM"]
[WhiteElo "2256"]
[BlackElo "2336"]
[WhiteFideId "16244842"]
[BlackFideId "16265696"]
[EventDate "2025.06.24"]

1. e4 g6 2. Nf3 Bg7 3. Bc4 d6 4. O-O a6 5. a4 b6 6. d3 Bb7 7. Nc3 e6 8. Re1 Ne7
9. Bg5 O-O 10. Qd2 Re8 11. Bh6 Bh8 12. Rad1 Nd7 13. Ng5 d5 14. Qf4 Nf6 15. Bb3
e5 16. Qf3 Qd7 17. exd5 Nf5 18. Qh3 Nxh6 19. Qxh6 Bg7 20. Qh4 h6 21. Nge4 Nxd5
22. Nxd5 Bxd5 23. Bxd5 Qxd5 24. Nf6+ Bxf6 25. Qxf6 Re6 26. Qh4 Kg7 27. Re4 Qc5
28. Rc4 Qd6 29. Qg3 b5 30. Re4 f5 31. Re2 bxa4 32. d4 e4 33. Qc3 Kh7 34. d5 Re5
35. Red2 Rb8 36. Qd4 Rb5 37. Qxa4 Rbxd5 38. Rxd5 Rxd5 39. Rxd5 Qxd5 40. h3 a5
41. Qe8 Kg7 42. Qe7+ Qf7 43. Qe5+ Kg8 44. Qxa5 Qc4 45. Qa8+ Kf7 46. Qa7 Qxc2 47.
b4 Qc1+ 48. Kh2 Qf4+ 49. Kg1 Qc1+ 50. Kh2 Qc4 51. Qb7 Ke7 52. b5 Kd6 53. b6 Qc6
54. Qb8 Qxb6 55. Qf8+ Ke5 56. Qxh6 Qd6 57. Qg7+ Kd5+ 58. g3 c5 0-1

[Event "Titled Tue 24th Jun Late"]
[Site "chess.com INT"]
[Date "2025.06.24"]
[Round "4"]
[White "Garcia Cuenca, Victor"]
[Black "Gimeno Martos, Roberto"]
[Result "0-1"]
[WhiteTitle "FM"]
[BlackTitle "CM"]
[WhiteElo "2284"]
[BlackElo "2090"]
[WhiteFideId "2250829"]
[BlackFideId "2226804"]
[EventDate "2025.06.24"]

1. Nf3 g6 2. g3 Bg7 3. Bg2 c6 4. O-O d5 5. d3 Nd7 6. Nbd2 e5 7. e4 Ngf6 8. exd5
cxd5 9. Re1 Qc7 10. Nxe5 Nxe5 11. d4 O-O 12. dxe5 Ng4 13. Nf3 Be6 14. Bf4 Qb6
15. Qd2 Rac8 16. h3 Qxb2 17. Reb1 Qxc2 18. Qxc2 Rxc2 19. hxg4 Bxg4 20. Nd4 Rc4
21. Nb3 b6 22. Bxd5 Rcc8 23. Rc1 Rcd8 24. Bc4 h6 25. Re1 g5 26. Bc1 Rfe8 27. Bb2
Bf3 28. Re3 g4 29. Rae1 a5 30. Nd4 Bb7 31. Nf5 Bf8 32. e6 fxe6 33. Rxe6 Rxe6 34.
Rxe6 Kh7 35. Re1 Be4 36. Nh4 Bc5 37. Rxe4 Rd1+ 38. Bf1 Rd2 39. Bc3 Bxf2+ 40. Kg2
Rc2 41. Re7+ Kg8 42. Bc4+ Kf8 43. Rf7+ Ke8 44. Nf5 Rxc3 45. Nd6+ Kd8 46. Bb5 Rc6
47. Rd7+ Kxd7 48. Bxc6+ Kxc6 49. Ne4 Bd4 50. Nd2 Bc5 51. Kf1 h5 52. Ke2 b5 53.
Kd3 b4 54. Ke4 Bd6 55. Kf5 Bxg3 56. Kg5 Be1 57. Ne4 g3 58. Kxh5 g2 0-1

[Event "Titled Tue 24th Jun Late"]
[Site "chess.com INT"]
[Date "2025.06.24"]
[Round "4"]
[White "Brady, Tyson"]
[Black "Mitrabha, Guha"]
[Result "0-1"]
[WhiteTitle "CM"]
[BlackTitle "GM"]
[WhiteElo "2170"]
[BlackElo "2515"]
[WhiteFideId "30970369"]
[BlackFideId "5057000"]
[EventDate "2025.06.24"]

1. Nf3 d5 2. g3 c6 3. Bg2 Bg4 4. O-O Nd7 5. d3 e5 6. Nbd2 Ngf6 7. Qe1 Bd6 8. e4
O-O 9. h3 Bh5 10. Nh4 Re8 11. a4 a5 12. Nb3 Bc7 13. Bd2 Nf8 14. Kh1 Bb6 15. Nf5
Ne6 16. Bc3 dxe4 17. dxe4 Ng5 18. g4 Bg6 19. Rd1 Qc7 20. f3 h6 21. Qg3 Bxf5 22.
exf5 Nd5 23. h4 Nh7 24. Rfe1 Ne3 25. Rd3 Nd5 26. Bxe5 Qe7 27. f4 Nb4 28. Rdd1
Nxc2 29. Re2 f6 30. Rxc2 fxe5 31. fxe5 Qxe5 32. Qxe5 Rxe5 33. Bf3 Re3 34. Rc3
Rae8 35. Kg2 Nf6 36. Rxe3 Rxe3 37. Nd4 Bxd4 38. Rxd4 Rb3 39. Rd2 Kf8 40. g5 hxg5
41. hxg5 Ne8 42. Kg3 Nc7 43. Rd7 Nd5 44. Kg4 Rb4+ 45. Kg3 Rxb2 46. Bxd5 cxd5 47.
Rxd5 b6 48. Rd7 Rb4 49. Rc7 Rxa4 50. Rb7 Rb4 51. f6 gxf6 52. gxf6 a4 53. Kf3 b5
54. Ke3 a3 55. Kd3 a2 56. Ra7 Ra4 0-1

[Event "Titled Tue 24th Jun Late"]
[Site "chess.com INT"]
[Date "2025.06.24"]
[Round "4"]
[White "Feng, Eric"]
[Black "Asish Panda"]
[Result "0-1"]
[WhiteElo "2194"]
[BlackElo "1911"]
[WhiteFideId "30952590"]
[BlackFideId "45012458"]
[EventDate "2025.06.24"]

1. d4 d5 2. c4 e6 3. Nf3 Nf6 4. g3 Be7 5. Bg2 O-O 6. O-O Ne4 7. Nc3 f5 8. Bf4 c6
9. Rc1 Nd7 10. Qb3 g5 11. Be5 g4 12. Ne1 Nd2 13. Qc2 Nxf1 14. cxd5 Nxe5 15. dxe5
Ne3 16. fxe3 exd5 17. Rd1 Be6 18. Nd3 Qb6 19. Qd2 Bg5 20. Nf4 Bxf4 21. gxf4 Rad8
22. Na4 Qb5 23. b3 b6 24. Kf2 c5 25. Nc3 Qd7 26. Nxd5 Bxd5 27. Bxd5+ Kg7 28. Qc3
Qe7 29. Kg1 Kh6 30. Rd3 Qh4 31. e6 g3 32. hxg3 Qxg3+ 33. Kf1 Rg8 34. Qf6+ Rg6
35. Qg5+ Rxg5 36. fxg5+ Kxg5 37. e4 Qf4+ 38. Rf3 Qc1+ 39. Kf2 f4 40. Rh3 Qa1 41.
Rxh7 Qd4+ 42. Kg2 Rxd5 43. exd5 Qxd5+ 44. Kf2 Qd4+ 45. Kf1 Qd1+ 46. Kf2 Qd4+ 47.
Kf1 f3 48. Rh2 Qd1+ 49. Kf2 Qxe2+ 50. Kg3 Qe5+ 51. Kh3 Qxe6+ 52. Kg3 Qe5+ 53.
Kh3 Qf5+ 54. Kg3 Qg4+ 55. Kf2 Qd4+ 56. Kxf3 Qf4+ 57. Kg2 Qg4+ 58. Kf2 Kf4 59.
Rg2 Qd1 60. Rg8 Qc2+ 61. Kg1 Qb1+ 62. Kh2 Qxa2+ 63. Rg2 Qxg2+ 64. Kxg2 Ke3 65.
Kg3 Kd3 66. Kf2 Kc3 67. Ke1 Kxb3 68. Kd1 Kb2 69. Kd2 a5 70. Kd3 a4 71. Kc4 a3
72. Kb5 a2 73. Kxb6 a1=Q 74. Kxc5 Qc1+ 0-1